Špecifiká uplatňovania DPH v daňovom systéme SR a vo vybraných krajinách EÚ bakalárska práca

Salvato in:
Dettagli Bibliografici
Autore principale: Kosť, Tomáš
Ente Autore: Podnikovohospodárska fakulta EU so sídlom v Košiciach. Katedra finančného riadenia podniku
Altri autori: Simonidesová, Jana, 1968-
Natura: Libro
Lingua:slovacco
Pubblicazione: Košice 2021
Tags: Aggiungi Tag
Nessun Tag, puoi essere il primo ad aggiungerne!!

MARC

LEADER 00000nbm a2200000 4500
001 0274998
005 20220331094348.1
041 0 |a slo 
044 |a SK 
245 1 0 |a Špecifiká uplatňovania DPH v daňovom systéme SR a vo vybraných krajinách EÚ  |b bakalárska práca  |c Tomáš Kosť ; školiteľ: Jana Simonidesová 
264 1 |a Košice  |c 2021 
300 |a 51 s. 
100 1 |a Kosť, Tomáš 
700 1 |a Simonidesová, Jana, 1968- 
710 2 |a Podnikovohospodárska fakulta EU so sídlom v Košiciach. Katedra finančného riadenia podniku